<?xml version="1.0" encoding="UTF-8"?>
<collection xmlns="http://www.loc.gov/MARC21/slim">
<record xmlns="http://www.loc.gov/MARC21/slim">
	<controlfield tag="001">624704</controlfield>
<controlfield tag="003">SzGeCERN</controlfield>
<controlfield tag="005">20031027164727.0</controlfield>
   <datafield tag="037" ind1="" ind2="">
      <subfield code="a">ATL-DAQ-2003-005</subfield>
   </datafield>
   <datafield tag="041" ind1="" ind2="">
      <subfield code="a">eng</subfield>
   </datafield>
   <datafield tag="100" ind1="" ind2="">
      <subfield code="a">Kolos, S</subfield>
   </datafield>
   <datafield tag="245" ind1="" ind2="0">
      <subfield code="a">Online Monitoring software framework in the ATLAS experiment</subfield>
   </datafield>
   <datafield tag="260" ind1="" ind2="">
      <subfield code="a">Geneva</subfield>
      <subfield code="b">CERN</subfield>
      <subfield code="c">30 May 2003</subfield>
   </datafield>
   <datafield tag="300" ind1="" ind2="">
      <subfield code="a">6 p</subfield>
   </datafield>
   <datafield tag="500" ind1="" ind2="">
      <subfield code="a">added file OnlMonSlides-CHEP03.ppt submitted on 2003-06-23 11:46:14</subfield>
   </datafield>
   <datafield tag="520" ind1="" ind2="">
      <subfield code="a">A fast, efficient and comprehensive monitoring system is a vital part of any HEP experiment. This paper describes the software framework that will be used during ATLAS data taking to monitor the state of the data acquisition and the quality of physics data in the experiment. The framework has been implemented by the Online Software group of the ATLAS Trigger&amp;Data Acquisition (TDAQ) project and has already been used for several years in the ATLAS test beams at CERN. The inter-process communication in the framework is implemented via CORBA, which provides portability between different operating systems and programming languages. This paper will describe the design and the most important aspects of the online monitoring framework implementation. It will also show some test results, which indicate the performance and scalability of the current implementation.</subfield>
   </datafield>
   <datafield tag="595" ind1="" ind2="">
      <subfield code="a">CERN EDS</subfield>
   </datafield>
   <datafield tag="650" ind1="1" ind2="7">
      <subfield code="2">SzGeCERN</subfield>
      <subfield code="a">DAQ and Trigger</subfield>
   </datafield>
   <datafield tag="650" ind1="2" ind2="7">
      <subfield code="2">SzGeCERN</subfield>
      <subfield code="a">Detectors and Experimental Techniques</subfield>
   </datafield>
   <datafield tag="653" ind1="1" ind2="">
      <subfield code="9">CERN</subfield>
      <subfield code="a">ATLAS TDAQ</subfield>
   </datafield>
   <datafield tag="653" ind1="1" ind2="">
      <subfield code="9">CERN</subfield>
      <subfield code="a">monitoring</subfield>
   </datafield>
   <datafield tag="653" ind1="1" ind2="">
      <subfield code="9">CERN</subfield>
      <subfield code="a">Information Service</subfield>
   </datafield>
   <datafield tag="653" ind1="1" ind2="">
      <subfield code="9">CERN</subfield>
      <subfield code="a">Message Reporting</subfield>
   </datafield>
   <datafield tag="693" ind1="" ind2="">
      <subfield code="a">CERN LHC</subfield>
      <subfield code="e">ATLAS</subfield>
   </datafield>
   <datafield tag="700" ind1="" ind2="">
      <subfield code="a">Amorim, A</subfield>
   </datafield>
   <datafield tag="700" ind1="" ind2="">
      <subfield code="a">Alexandrov, I</subfield>
   </datafield>
   <datafield tag="700" ind1="" ind2="">
      <subfield code="a">Badescu, E</subfield>
   </datafield>
   <datafield tag="700" ind1="" ind2="">
      <subfield code="a">Barczyk, M</subfield>
   </datafield>
   <datafield tag="700" ind1="" ind2="">
      <subfield code="a">Burckhart-Chromek, D</subfield>
   </datafield>
   <datafield tag="700" ind1="" ind2="">
      <subfield code="a">Caprini, M</subfield>
   </datafield>
   <datafield tag="700" ind1="" ind2="">
      <subfield code="a">Da Silva Conceicao, J</subfield>
   </datafield>
   <datafield tag="700" ind1="" ind2="">
      <subfield code="a">Dobson, M</subfield>
   </datafield>
   <datafield tag="700" ind1="" ind2="">
      <subfield code="a">Flammer, J</subfield>
   </datafield>
   <datafield tag="700" ind1="" ind2="">
      <subfield code="a">Hart, R</subfield>
   </datafield>
   <datafield tag="700" ind1="" ind2="">
      <subfield code="a">Jones, R</subfield>
   </datafield>
   <datafield tag="700" ind1="" ind2="">
      <subfield code="a">Kazarov, A</subfield>
   </datafield>
   <datafield tag="700" ind1="" ind2="">
      <subfield code="a">Klose, D</subfield>
   </datafield>
   <datafield tag="700" ind1="" ind2="">
      <subfield code="a">Kotov, V</subfield>
   </datafield>
   <datafield tag="700" ind1="" ind2="">
      <subfield code="a">Liko, D</subfield>
   </datafield>
   <datafield tag="700" ind1="" ind2="">
      <subfield code="a">Lima, J</subfield>
   </datafield>
   <datafield tag="700" ind1="" ind2="">
      <subfield code="a">Lucio, L</subfield>
   </datafield>
   <datafield tag="700" ind1="" ind2="">
      <subfield code="a">Mapelli, L</subfield>
   </datafield>
   <datafield tag="700" ind1="" ind2="">
      <subfield code="a">Mineev, M</subfield>
   </datafield>
   <datafield tag="700" ind1="" ind2="">
      <subfield code="a">Pedro, L</subfield>
   </datafield>
   <datafield tag="700" ind1="" ind2="">
      <subfield code="a">Ryabov, Yu</subfield>
   </datafield>
   <datafield tag="700" ind1="" ind2="">
      <subfield code="a">Soloviev, I</subfield>
   </datafield>
   <datafield tag="700" ind1="" ind2="">
      <subfield code="a">Wolters, H</subfield>
   </datafield>
   <datafield tag="710" ind1="" ind2="">
      <subfield code="5">EP</subfield>
   </datafield>
   <datafield tag="711" ind1="" ind2="">
      <subfield code="a">CHEP 2003 Computing in High Energy Physics</subfield>
   </datafield>
   <datafield tag="856" ind1="4" ind2="">
      <subfield code="u">http://documents.cern.ch/cgi-bin/setlink?base=atlnot&amp;categ=Note&amp;id=daq-2003-005</subfield>
      <subfield code="y">Access to fulltext</subfield>
   </datafield>
   <datafield tag="909" ind1="C" ind2="1">
      <subfield code="a">ATL-COM-DAQ-2003-031</subfield>
   </datafield>
   <datafield tag="960" ind1="" ind2="">
      <subfield code="a">29</subfield>
   </datafield>
   <datafield tag="961" ind1="" ind2="">
      <subfield code="c">20040219</subfield>
      <subfield code="h">1416</subfield>
      <subfield code="l">WAI01</subfield>
      <subfield code="x">20030623</subfield>
   </datafield>
   <datafield tag="962" ind1="" ind2="">
      <subfield code="n">LaJolla,California20030324</subfield>
   </datafield>
   <datafield tag="963" ind1="" ind2="">
      <subfield code="a">PUBLIC</subfield>
   </datafield>
   <datafield tag="970" ind1="" ind2="">
      <subfield code="a">000011932WAI</subfield>
   </datafield>
   <datafield tag="980" ind1="" ind2="">
      <subfield code="a">DUMMY</subfield>
   </datafield>
   <datafield tag="980" ind1="" ind2="">
      <subfield code="c">DELETED</subfield>
   </datafield>
</record>

<record xmlns="http://www.loc.gov/MARC21/slim">
	<controlfield tag="001">622247</controlfield>
<controlfield tag="003">SzGeCERN</controlfield>
<controlfield tag="005">20031027164637.0</controlfield>
   <datafield tag="037" ind1="" ind2="">
      <subfield code="a">ATL-DAQ-2003-010</subfield>
   </datafield>
   <datafield tag="041" ind1="" ind2="">
      <subfield code="a">eng</subfield>
   </datafield>
   <datafield tag="100" ind1="" ind2="">
      <subfield code="a">Wheeler, S</subfield>
   </datafield>
   <datafield tag="245" ind1="" ind2="0">
      <subfield code="a">Supervision of the ATLAS High Level Trigger System</subfield>
   </datafield>
   <datafield tag="260" ind1="" ind2="">
      <subfield code="a">Geneva</subfield>
      <subfield code="b">CERN</subfield>
      <subfield code="c">27 May 2003</subfield>
   </datafield>
   <datafield tag="300" ind1="" ind2="">
      <subfield code="a">6 p</subfield>
   </datafield>
   <datafield tag="520" ind1="" ind2="">
      <subfield code="a">The ATLAS High Level Trigger (HLT) system provides software-based event selection after the initial LVL1 hardware trigger. It is composed of two stages, the LVL2 trigger and the Event Filter. The HLT is implemented as software tasks running on large processor farms. An essential part of the HLT is the supervision system, which is responsible for configuring, coordinating, controlling and monitoring the many hundreds of processes running in the HLT. A prototype implementation of the supervision system, using tools from the ATLAS Online Software system is presented. Results from scalability tests are also presented where the supervision system was shown to be capable of controlling over 1000 HLT processes running on 230 nodes.</subfield>
   </datafield>
   <datafield tag="595" ind1="" ind2="">
      <subfield code="a">CERN EDS</subfield>
   </datafield>
   <datafield tag="650" ind1="1" ind2="7">
      <subfield code="2">SzGeCERN</subfield>
      <subfield code="a">DAQ and Trigger</subfield>
   </datafield>
   <datafield tag="650" ind1="2" ind2="7">
      <subfield code="2">SzGeCERN</subfield>
      <subfield code="a">Detectors and Experimental Techniques</subfield>
   </datafield>
   <datafield tag="653" ind1="1" ind2="">
      <subfield code="9">CERN</subfield>
      <subfield code="a">ATLAS</subfield>
   </datafield>
   <datafield tag="653" ind1="1" ind2="">
      <subfield code="9">CERN</subfield>
      <subfield code="a">Trigger</subfield>
   </datafield>
   <datafield tag="653" ind1="1" ind2="">
      <subfield code="9">CERN</subfield>
      <subfield code="a">Supervision</subfield>
   </datafield>
   <datafield tag="693" ind1="" ind2="">
      <subfield code="a">CERN LHC</subfield>
      <subfield code="e">ATLAS</subfield>
   </datafield>
   <datafield tag="700" ind1="" ind2="">
      <subfield code="a">Flammer, J</subfield>
   </datafield>
   <datafield tag="700" ind1="" ind2="">
      <subfield code="a">Meessen, C</subfield>
   </datafield>
   <datafield tag="700" ind1="" ind2="">
      <subfield code="a">Qian, Z</subfield>
   </datafield>
   <datafield tag="700" ind1="" ind2="">
      <subfield code="a">Touchard, F</subfield>
   </datafield>
   <datafield tag="700" ind1="" ind2="">
      <subfield code="a">Negri, A</subfield>
   </datafield>
   <datafield tag="700" ind1="" ind2="">
      <subfield code="a">Zobernig, G</subfield>
   </datafield>
   <datafield tag="710" ind1="" ind2="">
      <subfield code="5">EP</subfield>
   </datafield>
   <datafield tag="711" ind1="" ind2="">
      <subfield code="a">CHEP 2003 Computing in High Energy Physics</subfield>
   </datafield>
   <datafield tag="856" ind1="4" ind2="">
      <subfield code="u">http://documents.cern.ch/cgi-bin/setlink?base=atlnot&amp;categ=Note&amp;id=daq-2003-010</subfield>
      <subfield code="y">Access to fulltext</subfield>
   </datafield>
   <datafield tag="909" ind1="C" ind2="1">
      <subfield code="a">ATL-COM-DAQ-2003-027</subfield>
   </datafield>
   <datafield tag="960" ind1="" ind2="">
      <subfield code="a">29</subfield>
   </datafield>
   <datafield tag="961" ind1="" ind2="">
      <subfield code="c">20040219</subfield>
      <subfield code="h">1416</subfield>
      <subfield code="l">WAI01</subfield>
      <subfield code="x">20030618</subfield>
   </datafield>
   <datafield tag="962" ind1="" ind2="">
      <subfield code="n">LaJolla,California2003 0324</subfield>
   </datafield>
   <datafield tag="963" ind1="" ind2="">
      <subfield code="a">PUBLIC</subfield>
   </datafield>
   <datafield tag="970" ind1="" ind2="">
      <subfield code="a">000011923WAI</subfield>
   </datafield>
   <datafield tag="980" ind1="" ind2="">
      <subfield code="a">DUMMY</subfield>
   </datafield>
   <datafield tag="980" ind1="" ind2="">
      <subfield code="c">DELETED</subfield>
   </datafield>
</record>

<record xmlns="http://www.loc.gov/MARC21/slim">
	<controlfield tag="001">622032</controlfield>
<controlfield tag="003">SzGeCERN</controlfield>
<controlfield tag="005">20031027164618.0</controlfield>
   <datafield tag="037" ind1="" ind2="">
      <subfield code="a">ATL-DAQ-2003-003</subfield>
   </datafield>
   <datafield tag="041" ind1="" ind2="">
      <subfield code="a">eng</subfield>
   </datafield>
   <datafield tag="088" ind1="" ind2="">
      <subfield code="a">cs.NI/0305064 on www.arXiv.org</subfield>
   </datafield>
   <datafield tag="100" ind1="" ind2="">
      <subfield code="a">Stancu, S</subfield>
   </datafield>
   <datafield tag="245" ind1="" ind2="4">
      <subfield code="a">The use of Ethernet in the DataFlow of the ATLAS Trigger &amp; DAQ</subfield>
   </datafield>
   <datafield tag="260" ind1="" ind2="">
      <subfield code="a">Geneva</subfield>
      <subfield code="b">CERN</subfield>
      <subfield code="c">30 May 2003</subfield>
   </datafield>
   <datafield tag="300" ind1="" ind2="">
      <subfield code="a">10 p</subfield>
   </datafield>
   <datafield tag="500" ind1="" ind2="">
      <subfield code="a">The article has been uploaded to the arXiv server: www.arXiv.org</subfield>
   </datafield>
   <datafield tag="520" ind1="" ind2="">
      <subfield code="a">The article analyzes a proposed network topology for the ATLAS DAQ DataFlow, and identifies the Ethernet features required for a proper operation of the network: MAC address table size, switch performance in terms of throughput and latency, the use of Flow Control, Virtual LANs and Quality of Service. We investigate these features on some Ethernet switches, and conclude on their usefulness for the ATLAS DataFlow network</subfield>
   </datafield>
   <datafield tag="595" ind1="" ind2="">
      <subfield code="a">CERN EDS</subfield>
   </datafield>
   <datafield tag="650" ind1="1" ind2="7">
      <subfield code="2">SzGeCERN</subfield>
      <subfield code="a">DAQ and Trigger</subfield>
   </datafield>
   <datafield tag="650" ind1="2" ind2="7">
      <subfield code="2">SzGeCERN</subfield>
      <subfield code="a">Detectors and Experimental Techniques</subfield>
   </datafield>
   <datafield tag="653" ind1="1" ind2="">
      <subfield code="9">CERN</subfield>
      <subfield code="a">DataFlow network</subfield>
   </datafield>
   <datafield tag="653" ind1="1" ind2="">
      <subfield code="9">CERN</subfield>
      <subfield code="a">Ethernet switches</subfield>
   </datafield>
   <datafield tag="653" ind1="1" ind2="">
      <subfield code="9">CERN</subfield>
      <subfield code="a">throughput</subfield>
   </datafield>
   <datafield tag="653" ind1="1" ind2="">
      <subfield code="9">CERN</subfield>
      <subfield code="a">latency</subfield>
   </datafield>
   <datafield tag="653" ind1="1" ind2="">
      <subfield code="9">CERN</subfield>
      <subfield code="a">MAC address table</subfield>
   </datafield>
   <datafield tag="653" ind1="1" ind2="">
      <subfield code="9">CERN</subfield>
      <subfield code="a">VLANs</subfield>
   </datafield>
   <datafield tag="653" ind1="1" ind2="">
      <subfield code="9">CERN</subfield>
      <subfield code="a">Flow Control</subfield>
   </datafield>
   <datafield tag="653" ind1="1" ind2="">
      <subfield code="9">CERN</subfield>
      <subfield code="a">QoS</subfield>
   </datafield>
   <datafield tag="693" ind1="" ind2="">
      <subfield code="a">CERN LHC</subfield>
      <subfield code="e">ATLAS</subfield>
   </datafield>
   <datafield tag="700" ind1="" ind2="">
      <subfield code="a">Ciobotaru, M</subfield>
   </datafield>
   <datafield tag="700" ind1="" ind2="">
      <subfield code="a">Dobinson, B</subfield>
   </datafield>
   <datafield tag="700" ind1="" ind2="">
      <subfield code="a">Krzystztof, K</subfield>
   </datafield>
   <datafield tag="700" ind1="" ind2="">
      <subfield code="a">Knezo, E</subfield>
   </datafield>
   <datafield tag="710" ind1="" ind2="">
      <subfield code="5">EP</subfield>
   </datafield>
   <datafield tag="711" ind1="" ind2="">
      <subfield code="a">CHEP 2003 Computing in High Energy Physics</subfield>
   </datafield>
   <datafield tag="856" ind1="4" ind2="">
      <subfield code="u">http://documents.cern.ch/cgi-bin/setlink?base=atlnot&amp;categ=Note&amp;id=daq-2003-003</subfield>
      <subfield code="y">Access to fulltext</subfield>
   </datafield>
   <datafield tag="909" ind1="C" ind2="1">
      <subfield code="a">ATL-COM-DAQ-2003-026</subfield>
   </datafield>
   <datafield tag="960" ind1="" ind2="">
      <subfield code="a">29</subfield>
   </datafield>
   <datafield tag="961" ind1="" ind2="">
      <subfield code="c">20040219</subfield>
      <subfield code="h">1416</subfield>
      <subfield code="l">WAI01</subfield>
      <subfield code="x">20030617</subfield>
   </datafield>
   <datafield tag="962" ind1="" ind2="">
      <subfield code="n">LaJolla,California200303 * 24</subfield>
   </datafield>
   <datafield tag="963" ind1="" ind2="">
      <subfield code="a">PUBLIC</subfield>
   </datafield>
   <datafield tag="970" ind1="" ind2="">
      <subfield code="a">000011922WAI</subfield>
   </datafield>
   <datafield tag="980" ind1="" ind2="">
      <subfield code="a">DUMMY</subfield>
   </datafield>
   <datafield tag="980" ind1="" ind2="">
      <subfield code="c">DELETED</subfield>
   </datafield>
</record>

<record xmlns="http://www.loc.gov/MARC21/slim">
	<controlfield tag="001">628661</controlfield>
<controlfield tag="003">SzGeCERN</controlfield>
<controlfield tag="005">20031013111408.0</controlfield>
   <datafield tag="037" ind1="" ind2="">
      <subfield code="a">ATL-DAQ-2003-031</subfield>
   </datafield>
   <datafield tag="041" ind1="" ind2="">
      <subfield code="a">eng</subfield>
   </datafield>
   <datafield tag="100" ind1="" ind2="">
      <subfield code="a">Comune, G</subfield>
   </datafield>
   <datafield tag="245" ind1="" ind2="4">
      <subfield code="a">The Algorithm Steering and Trigger Decision mechanism of the ATLAS High Level Trigger</subfield>
   </datafield>
   <datafield tag="260" ind1="" ind2="">
      <subfield code="a">Geneva</subfield>
      <subfield code="b">CERN</subfield>
      <subfield code="c">03 Jun 2003</subfield>
   </datafield>
   <datafield tag="500" ind1="" ind2="">
      <subfield code="a">PAPER SUBMITTED TO CHEP 2003</subfield>
   </datafield>
   <datafield tag="520" ind1="" ind2="">
      <subfield code="a">Given the extremely high output rate foreseen at LHC and the general-purpose nature of ATLAS experiment, an efficient and flexible way to select events in the High Level Trigger is needed. An extremely flexible solution is proposed that allows for early rejection of unwanted events and an easily configurable way to choose algorithms and to specify the criteria for trigger decisions. It is implemented in the standard ATLAS object-oriented software framework, Athena. The early rejection is achieved by breaking the decision process down into sequential steps. The configuration of each step defines sequences of algorithms which should be used to process the data, and 'trigger menus' that define which physics signatures must be satisfied to continue on to the next step, and ultimately to accept the event. A navigation system has been built on top of the standard Athena transient store (StoreGate) to link the event data together in a tree-like structure. This is fundamental to the seeding mechanism, by which data from one step is presented to the next. The design makes it straightforward to utilize existing off-line reconstruction data classes and algorithms when they are suitable</subfield>
   </datafield>
   <datafield tag="595" ind1="" ind2="">
      <subfield code="a">CERN EDS</subfield>
   </datafield>
   <datafield tag="650" ind1="1" ind2="7">
      <subfield code="2">SzGeCERN</subfield>
      <subfield code="a">DAQ and Trigger</subfield>
   </datafield>
   <datafield tag="650" ind1="2" ind2="7">
      <subfield code="2">SzGeCERN</subfield>
      <subfield code="a">Detectors and Experimental Techniques</subfield>
   </datafield>
   <datafield tag="653" ind1="1" ind2="">
      <subfield code="9">CERN</subfield>
      <subfield code="a">ATLAS</subfield>
   </datafield>
   <datafield tag="653" ind1="1" ind2="">
      <subfield code="9">CERN</subfield>
      <subfield code="a">Trigger</subfield>
   </datafield>
   <datafield tag="653" ind1="1" ind2="">
      <subfield code="9">CERN</subfield>
      <subfield code="a">Decision</subfield>
   </datafield>
   <datafield tag="653" ind1="1" ind2="">
      <subfield code="9">CERN</subfield>
      <subfield code="a">Step</subfield>
   </datafield>
   <datafield tag="653" ind1="1" ind2="">
      <subfield code="9">CERN</subfield>
      <subfield code="a">Steering</subfield>
   </datafield>
   <datafield tag="653" ind1="1" ind2="">
      <subfield code="9">CERN</subfield>
      <subfield code="a">PESA</subfield>
   </datafield>
   <datafield tag="693" ind1="" ind2="">
      <subfield code="a">CERN LHC</subfield>
      <subfield code="e">ATLAS</subfield>
   </datafield>
   <datafield tag="700" ind1="" ind2="">
      <subfield code="a">Corso-Radu, A</subfield>
   </datafield>
   <datafield tag="700" ind1="" ind2="">
      <subfield code="a">Elsing, M</subfield>
   </datafield>
   <datafield tag="700" ind1="" ind2="">
      <subfield code="a">Grothe, M</subfield>
   </datafield>
   <datafield tag="700" ind1="" ind2="">
      <subfield code="a">Schoerner-Sadenius, T</subfield>
   </datafield>
   <datafield tag="700" ind1="" ind2="">
      <subfield code="a">Wicke, D</subfield>
   </datafield>
   <datafield tag="700" ind1="" ind2="">
      <subfield code="a">George, S</subfield>
   </datafield>
   <datafield tag="700" ind1="" ind2="">
      <subfield code="a">Lowe, A</subfield>
   </datafield>
   <datafield tag="700" ind1="" ind2="">
      <subfield code="a">Shears, T</subfield>
   </datafield>
   <datafield tag="700" ind1="" ind2="">
      <subfield code="a">Baines, J T</subfield>
   </datafield>
   <datafield tag="700" ind1="" ind2="">
      <subfield code="a">Gonzalez, S</subfield>
   </datafield>
   <datafield tag="710" ind1="" ind2="">
      <subfield code="5">EP</subfield>
   </datafield>
   <datafield tag="711" ind1="" ind2="">
      <subfield code="a">CHEP 2003 Computing in High Energy Physics</subfield>
   </datafield>
   <datafield tag="856" ind1="4" ind2="">
      <subfield code="u">http://documents.cern.ch/cgi-bin/setlink?base=atlnot&amp;categ=Note&amp;id=daq-2003-031</subfield>
      <subfield code="y">Access to fulltext</subfield>
   </datafield>
   <datafield tag="909" ind1="C" ind2="1">
      <subfield code="a">ATL-COM-DAQ-2003-051</subfield>
   </datafield>
   <datafield tag="960" ind1="" ind2="">
      <subfield code="a">29</subfield>
   </datafield>
   <datafield tag="961" ind1="" ind2="">
      <subfield code="c">20040219</subfield>
      <subfield code="h">1416</subfield>
      <subfield code="l">WAI01</subfield>
      <subfield code="x">20030715</subfield>
   </datafield>
   <datafield tag="962" ind1="" ind2="">
      <subfield code="n">LaJolla,California20030324</subfield>
   </datafield>
   <datafield tag="963" ind1="" ind2="">
      <subfield code="a">PUBLIC</subfield>
   </datafield>
   <datafield tag="970" ind1="" ind2="">
      <subfield code="a">000011984WAI</subfield>
   </datafield>
   <datafield tag="980" ind1="" ind2="">
      <subfield code="a">DUMMY</subfield>
   </datafield>
   <datafield tag="980" ind1="" ind2="">
      <subfield code="c">DELETED</subfield>
   </datafield>
</record>

<record xmlns="http://www.loc.gov/MARC21/slim">
	<controlfield tag="001">621385</controlfield>
   <datafield tag="961" ind1="" ind2="">
      <subfield code="c">20040105</subfield>
      <subfield code="h">1505</subfield>
      <subfield code="l">WAI01</subfield>
      <subfield code="x">20040105</subfield>
   </datafield>
   <datafield tag="970" ind1="" ind2="">
      <subfield code="a">000011906WAI</subfield>
   </datafield>
   <datafield tag="980" ind1="" ind2="">
      <subfield code="c">DELETED</subfield>
   </datafield>
</record>

<record xmlns="http://www.loc.gov/MARC21/slim">
	<controlfield tag="001">621070</controlfield>
<controlfield tag="003">SzGeCERN</controlfield>
<controlfield tag="005">20031027164451.0</controlfield>
   <datafield tag="037" ind1="" ind2="">
      <subfield code="a">ATL-DAQ-2003-030</subfield>
   </datafield>
   <datafield tag="041" ind1="" ind2="">
      <subfield code="a">eng</subfield>
   </datafield>
   <datafield tag="100" ind1="" ind2="">
      <subfield code="a">Grothe, M.</subfield>
   </datafield>
   <datafield tag="245" ind1="" ind2="0">
      <subfield code="a">Architecture of the ATLAS High Level Trigger Event Selection Software</subfield>
   </datafield>
   <datafield tag="260" ind1="" ind2="">
      <subfield code="a">Geneva</subfield>
      <subfield code="b">CERN</subfield>
      <subfield code="c">12 Jun 2003</subfield>
   </datafield>
   <datafield tag="300" ind1="" ind2="">
      <subfield code="a">10 p</subfield>
   </datafield>
   <datafield tag="500" ind1="" ind2="">
      <subfield code="a">Proceedings for a plenary talk given on behalf of the ATLAS HLT group</subfield>
   </datafield>
   <datafield tag="520" ind1="" ind2="">
      <subfield code="a">The ATLAS High Level Trigger (HLT) consists of two selection steps: the second level trigger and the event filter. Both will be implemented in software, running on mostly commodity hardware. Both levels have a coherent approach to event selection, so a common core software framework has been designed to maximize this coherency, while allowing sufficient flexibility to meet the different interfaces and requirements of the two different levels. The approach is extended further to allow the software to run in an off-line simulation and reconstruction environment for the purposes of development. This paper describes the architecture and high level design of the software.</subfield>
   </datafield>
   <datafield tag="595" ind1="" ind2="">
      <subfield code="a">CERN EDS</subfield>
   </datafield>
   <datafield tag="650" ind1="1" ind2="7">
      <subfield code="2">SzGeCERN</subfield>
      <subfield code="a">DAQ and Trigger</subfield>
   </datafield>
   <datafield tag="650" ind1="2" ind2="7">
      <subfield code="2">SzGeCERN</subfield>
      <subfield code="a">Detectors and Experimental Techniques</subfield>
   </datafield>
   <datafield tag="693" ind1="" ind2="">
      <subfield code="a">CERN LHC</subfield>
      <subfield code="e">ATLAS</subfield>
   </datafield>
   <datafield tag="710" ind1="" ind2="">
      <subfield code="5">EP</subfield>
   </datafield>
   <datafield tag="711" ind1="" ind2="">
      <subfield code="a">CHEP 2003 Computing in High Energy Physics</subfield>
   </datafield>
   <datafield tag="856" ind1="4" ind2="">
      <subfield code="u">http://documents.cern.ch/cgi-bin/setlink?base=atlnot&amp;categ=Note&amp;id=daq-2003-030</subfield>
      <subfield code="y">Access to fulltext</subfield>
   </datafield>
   <datafield tag="909" ind1="C" ind2="1">
      <subfield code="a">ATL-COM-DAQ-2003-016</subfield>
   </datafield>
   <datafield tag="960" ind1="" ind2="">
      <subfield code="a">29</subfield>
   </datafield>
   <datafield tag="961" ind1="" ind2="">
      <subfield code="c">20040219</subfield>
      <subfield code="h">1416</subfield>
      <subfield code="l">WAI01</subfield>
      <subfield code="x">20030612</subfield>
   </datafield>
   <datafield tag="962" ind1="" ind2="">
      <subfield code="n">LaJolla,California2003 0324</subfield>
   </datafield>
   <datafield tag="963" ind1="" ind2="">
      <subfield code="a">PUBLIC</subfield>
   </datafield>
   <datafield tag="970" ind1="" ind2="">
      <subfield code="a">000011902WAI</subfield>
   </datafield>
   <datafield tag="980" ind1="" ind2="">
      <subfield code="a">DUMMY</subfield>
   </datafield>
   <datafield tag="980" ind1="" ind2="">
      <subfield code="c">DELETED</subfield>
   </datafield>
</record>

<record xmlns="http://www.loc.gov/MARC21/slim">
	<controlfield tag="001">620643</controlfield>
<controlfield tag="003">SzGeCERN</controlfield>
<controlfield tag="005">20031027164433.0</controlfield>
   <datafield tag="037" ind1="" ind2="">
      <subfield code="a">ATL-DAQ-2003-034</subfield>
   </datafield>
   <datafield tag="041" ind1="" ind2="">
      <subfield code="a">eng</subfield>
   </datafield>
   <datafield tag="100" ind1="" ind2="">
      <subfield code="a">Boisvert, V</subfield>
   </datafield>
   <datafield tag="245" ind1="" ind2="2">
      <subfield code="a">A New Implementation of the Region-of-Interest Strategy for the ATLAS Second Level Trigger</subfield>
   </datafield>
   <datafield tag="260" ind1="" ind2="">
      <subfield code="a">Geneva</subfield>
      <subfield code="b">CERN</subfield>
      <subfield code="c">11 Jun 2003</subfield>
   </datafield>
   <datafield tag="300" ind1="" ind2="">
      <subfield code="a">6 p</subfield>
   </datafield>
   <datafield tag="520" ind1="" ind2="">
      <subfield code="a">Among the many challenges presented by the future ATLAS detector at the LHC are the high data taking rate and volume and the derivation of a rapid trigger decis ion with limited resources. To address this challenge within the ATLAS second le vel trigger system, a Region-of-Interest mechanism has been adopted which dramat ically reduces the relevant fiducial volume necessary to be readout and processe d to small regions guided by the hardware-based first level trigger. Software ha s been developed to allow fast translation between arbitrary geometric regions a nd identifiers of small collections of the event data. This facilitates on-deman d data retrieval and collection building. The system is optimized to minimize th e amount of data transferred and unnecessary building of complex objects. Detail s of the design and implementation are presented along with preliminary performa nce results.</subfield>
   </datafield>
   <datafield tag="595" ind1="" ind2="">
      <subfield code="a">CERN EDS</subfield>
   </datafield>
   <datafield tag="650" ind1="1" ind2="7">
      <subfield code="2">SzGeCERN</subfield>
      <subfield code="a">DAQ and Trigger</subfield>
   </datafield>
   <datafield tag="650" ind1="2" ind2="7">
      <subfield code="2">SzGeCERN</subfield>
      <subfield code="a">Detectors and Experimental Techniques</subfield>
   </datafield>
   <datafield tag="653" ind1="1" ind2="">
      <subfield code="a">Region-of-Interest</subfield>
   </datafield>
   <datafield tag="653" ind1="1" ind2="">
      <subfield code="9">CERN</subfield>
      <subfield code="a">Region-of-Interest</subfield>
   </datafield>
   <datafield tag="653" ind1="1" ind2="">
      <subfield code="a">Region Selector</subfield>
   </datafield>
   <datafield tag="653" ind1="1" ind2="">
      <subfield code="9">CERN</subfield>
      <subfield code="a">Region Selector</subfield>
   </datafield>
   <datafield tag="693" ind1="" ind2="">
      <subfield code="a">CERN LHC</subfield>
      <subfield code="e">ATLAS</subfield>
   </datafield>
   <datafield tag="700" ind1="" ind2="">
      <subfield code="a">Armstrong, S</subfield>
   </datafield>
   <datafield tag="700" ind1="" ind2="">
      <subfield code="a">Baines, J</subfield>
   </datafield>
   <datafield tag="700" ind1="" ind2="">
      <subfield code="a">Brandt, S</subfield>
   </datafield>
   <datafield tag="700" ind1="" ind2="">
      <subfield code="a">Elsing, M</subfield>
   </datafield>
   <datafield tag="700" ind1="" ind2="">
      <subfield code="a">George, S</subfield>
   </datafield>
   <datafield tag="700" ind1="" ind2="">
      <subfield code="a">Li, W</subfield>
   </datafield>
   <datafield tag="700" ind1="" ind2="">
      <subfield code="a">Mello, A. G.</subfield>
   </datafield>
   <datafield tag="710" ind1="" ind2="">
      <subfield code="5">EP</subfield>
   </datafield>
   <datafield tag="711" ind1="" ind2="">
      <subfield code="a">CHEP 2003 Computing in High Energy Physics</subfield>
   </datafield>
   <datafield tag="856" ind1="4" ind2="">
      <subfield code="u">http://documents.cern.ch/cgi-bin/setlink?base=atlnot&amp;categ=Note&amp;id=daq-2003-034</subfield>
      <subfield code="y">Access to fulltext</subfield>
   </datafield>
   <datafield tag="909" ind1="C" ind2="1">
      <subfield code="a">ATL-COM-DAQ-2003-015</subfield>
   </datafield>
   <datafield tag="960" ind1="" ind2="">
      <subfield code="a">29</subfield>
   </datafield>
   <datafield tag="961" ind1="" ind2="">
      <subfield code="c">20040219</subfield>
      <subfield code="h">1416</subfield>
      <subfield code="l">WAI01</subfield>
      <subfield code="x">20030611</subfield>
   </datafield>
   <datafield tag="962" ind1="" ind2="">
      <subfield code="n">LaJolla,California20030324</subfield>
   </datafield>
   <datafield tag="963" ind1="" ind2="">
      <subfield code="a">PUBLIC</subfield>
   </datafield>
   <datafield tag="970" ind1="" ind2="">
      <subfield code="a">000011900WAI</subfield>
   </datafield>
   <datafield tag="980" ind1="" ind2="">
      <subfield code="a">DUMMY</subfield>
   </datafield>
   <datafield tag="980" ind1="" ind2="">
      <subfield code="c">DELETED</subfield>
   </datafield>
</record>

<record xmlns="http://www.loc.gov/MARC21/slim">
	<controlfield tag="001">623714</controlfield>
<controlfield tag="003">SzGeCERN</controlfield>
<controlfield tag="005">20031027164657.0</controlfield>
   <datafield tag="037" ind1="" ind2="">
      <subfield code="a">ATL-DAQ-2003-013</subfield>
   </datafield>
   <datafield tag="041" ind1="" ind2="">
      <subfield code="a">eng</subfield>
   </datafield>
   <datafield tag="100" ind1="" ind2="">
      <subfield code="a">Baines, J.T.</subfield>
   </datafield>
   <datafield tag="245" ind1="" ind2="3">
      <subfield code="a">An Overview of the ATLAS High Level Trigger Dataflow and Supervision</subfield>
   </datafield>
   <datafield tag="260" ind1="" ind2="">
      <subfield code="a">Geneva</subfield>
      <subfield code="b">CERN</subfield>
      <subfield code="c">18 Jun 2003</subfield>
   </datafield>
   <datafield tag="520" ind1="" ind2="">
      <subfield code="a">The ATLAS High Level Trigger (HLT) system provides software-based event selection after the initial LVL1 hardware trigger. It is composed of two stages, the LVL2 trigger and the Event Filter (EF). The LVL2 trigger performs event selection with optimized algorithms using selected data guided by Region of Interest pointers provided by the LVL1 trigger. Those events selected by LVL2, are built into complete events, which are passed to the EF for a further stage of event selection and classification using off-line algorithms. Events surviving the EF selection are passed for off-line storage. The two stages of HLT are implemented on processor farms. The concept of distributing the selection process between LVL2 and EF is a key element in the architecture, which allows it to be flexible to changes (luminosity, detector knowledge, background conditions etc.) Although there are some differences in the requirements between these sub-systems there are many commonalities. An overview of the dataflow (event selection) and supervision (control, configuration, monitoring) activities in the HLT is given, highlighting where commonalities between the two sub-systems can be exploited and indicating where requirements dictate that implementations differ. An HLT prototype system has been built at CERN. Functional testing is being carried out in order to validate the HLT architecture.</subfield>
   </datafield>
   <datafield tag="595" ind1="" ind2="">
      <subfield code="a">CERN EDS</subfield>
   </datafield>
   <datafield tag="650" ind1="1" ind2="7">
      <subfield code="2">SzGeCERN</subfield>
      <subfield code="a">DAQ and Trigger</subfield>
   </datafield>
   <datafield tag="650" ind1="2" ind2="7">
      <subfield code="2">SzGeCERN</subfield>
      <subfield code="a">Detectors and Experimental Techniques</subfield>
   </datafield>
   <datafield tag="653" ind1="1" ind2="">
      <subfield code="9">CERN</subfield>
      <subfield code="a">ATLAS</subfield>
   </datafield>
   <datafield tag="653" ind1="1" ind2="">
      <subfield code="9">CERN</subfield>
      <subfield code="a">Trigger</subfield>
   </datafield>
   <datafield tag="653" ind1="1" ind2="">
      <subfield code="9">CERN</subfield>
      <subfield code="a">HLT</subfield>
   </datafield>
   <datafield tag="653" ind1="1" ind2="">
      <subfield code="9">CERN</subfield>
      <subfield code="a">Dataflow</subfield>
   </datafield>
   <datafield tag="653" ind1="1" ind2="">
      <subfield code="9">CERN</subfield>
      <subfield code="a">Supervision</subfield>
   </datafield>
   <datafield tag="653" ind1="1" ind2="">
      <subfield code="9">CERN</subfield>
      <subfield code="a">Overview</subfield>
   </datafield>
   <datafield tag="693" ind1="" ind2="">
      <subfield code="a">CERN LHC</subfield>
      <subfield code="e">ATLAS</subfield>
   </datafield>
   <datafield tag="700" ind1="" ind2="">
      <subfield code="a">Bee, C.P.</subfield>
   </datafield>
   <datafield tag="700" ind1="" ind2="">
      <subfield code="a">Bogaerts, A.</subfield>
   </datafield>
   <datafield tag="700" ind1="" ind2="">
      <subfield code="a">Bosman, M.</subfield>
   </datafield>
   <datafield tag="700" ind1="" ind2="">
      <subfield code="a">Botterill, D.</subfield>
   </datafield>
   <datafield tag="700" ind1="" ind2="">
      <subfield code="a">Caron, B.</subfield>
   </datafield>
   <datafield tag="700" ind1="" ind2="">
      <subfield code="a">dos Anjos, A.</subfield>
   </datafield>
   <datafield tag="700" ind1="" ind2="">
      <subfield code="a">Etienne, F.</subfield>
   </datafield>
   <datafield tag="700" ind1="" ind2="">
      <subfield code="a">González, S.</subfield>
   </datafield>
   <datafield tag="700" ind1="" ind2="">
      <subfield code="a">Karr, K.</subfield>
   </datafield>
   <datafield tag="700" ind1="" ind2="">
      <subfield code="a">Li, W.</subfield>
   </datafield>
   <datafield tag="700" ind1="" ind2="">
      <subfield code="a">Meessen, C.</subfield>
   </datafield>
   <datafield tag="700" ind1="" ind2="">
      <subfield code="a">Merino, G.</subfield>
   </datafield>
   <datafield tag="700" ind1="" ind2="">
      <subfield code="a">Negri, A.</subfield>
   </datafield>
   <datafield tag="700" ind1="" ind2="">
      <subfield code="a">Pinfold, J.L.</subfield>
   </datafield>
   <datafield tag="700" ind1="" ind2="">
      <subfield code="a">Pinto, P.</subfield>
   </datafield>
   <datafield tag="700" ind1="" ind2="">
      <subfield code="a">Qian, Z.</subfield>
   </datafield>
   <datafield tag="700" ind1="" ind2="">
      <subfield code="a">Touchard, F.</subfield>
   </datafield>
   <datafield tag="700" ind1="" ind2="">
      <subfield code="a">Werner, P.</subfield>
   </datafield>
   <datafield tag="700" ind1="" ind2="">
      <subfield code="a">Wheeler, S.</subfield>
   </datafield>
   <datafield tag="700" ind1="" ind2="">
      <subfield code="a">Wickens, F.J.</subfield>
   </datafield>
   <datafield tag="700" ind1="" ind2="">
      <subfield code="a">Wiedenmann, W.</subfield>
   </datafield>
   <datafield tag="700" ind1="" ind2="">
      <subfield code="a">Zobernig, G.</subfield>
   </datafield>
   <datafield tag="710" ind1="" ind2="">
      <subfield code="5">EP</subfield>
   </datafield>
   <datafield tag="711" ind1="" ind2="">
      <subfield code="a">RT 2003 13th IEEE-NPSS Real Time Conference</subfield>
   </datafield>
   <datafield tag="856" ind1="4" ind2="">
      <subfield code="u">http://documents.cern.ch/cgi-bin/setlink?base=atlnot&amp;categ=Note&amp;id=daq-2003-013</subfield>
      <subfield code="y">Access to fulltext</subfield>
   </datafield>
   <datafield tag="909" ind1="C" ind2="1">
      <subfield code="a">ATL-COM-DAQ-2003-028</subfield>
   </datafield>
   <datafield tag="960" ind1="" ind2="">
      <subfield code="a">29</subfield>
   </datafield>
   <datafield tag="961" ind1="" ind2="">
      <subfield code="c">20040219</subfield>
      <subfield code="h">1416</subfield>
      <subfield code="l">WAI01</subfield>
      <subfield code="x">20030618</subfield>
   </datafield>
   <datafield tag="962" ind1="" ind2="">
      <subfield code="n">Montréal,Canada20030518</subfield>
   </datafield>
   <datafield tag="963" ind1="" ind2="">
      <subfield code="a">PUBLIC</subfield>
   </datafield>
   <datafield tag="970" ind1="" ind2="">
      <subfield code="a">000011925WAI</subfield>
   </datafield>
   <datafield tag="980" ind1="" ind2="">
      <subfield code="a">DUMMY</subfield>
   </datafield>
   <datafield tag="980" ind1="" ind2="">
      <subfield code="c">DELETED</subfield>
   </datafield>
</record>

<record xmlns="http://www.loc.gov/MARC21/slim">
	<controlfield tag="001">621754</controlfield>
<controlfield tag="003">SzGeCERN</controlfield>
<controlfield tag="005">20031027164601.0</controlfield>
   <datafield tag="037" ind1="" ind2="">
      <subfield code="a">ATL-DAQ-2003-009</subfield>
   </datafield>
   <datafield tag="041" ind1="" ind2="">
      <subfield code="a">eng</subfield>
   </datafield>
   <datafield tag="100" ind1="" ind2="">
      <subfield code="a">LeVine, M. J.</subfield>
   </datafield>
   <datafield tag="245" ind1="" ind2="0">
      <subfield code="a">Validation of the ATLAS Trigger/DAQ Network architecture using hardware data emulators</subfield>
   </datafield>
   <datafield tag="260" ind1="" ind2="">
      <subfield code="a">Geneva</subfield>
      <subfield code="b">CERN</subfield>
      <subfield code="c">16 May 2003</subfield>
   </datafield>
   <datafield tag="520" ind1="" ind2="">
      <subfield code="a">Hardware data emulators are used to deploy a large-scale model of the ATLAS Data Acquisition architecture. The emulators, based on FPGAs and on the Alteon Gigabit Ethernet NIC, are described, and their performance determined. The emulators are used in the large-scale test bed; sample results are presented.</subfield>
   </datafield>
   <datafield tag="595" ind1="" ind2="">
      <subfield code="a">CERN EDS</subfield>
   </datafield>
   <datafield tag="650" ind1="1" ind2="7">
      <subfield code="2">SzGeCERN</subfield>
      <subfield code="a">DAQ and Trigger</subfield>
   </datafield>
   <datafield tag="650" ind1="2" ind2="7">
      <subfield code="2">SzGeCERN</subfield>
      <subfield code="a">Detectors and Experimental Techniques</subfield>
   </datafield>
   <datafield tag="653" ind1="1" ind2="">
      <subfield code="a">Real-time</subfield>
   </datafield>
   <datafield tag="653" ind1="1" ind2="">
      <subfield code="9">CERN</subfield>
      <subfield code="a">Real-time</subfield>
   </datafield>
   <datafield tag="653" ind1="1" ind2="">
      <subfield code="a">ATLAS</subfield>
   </datafield>
   <datafield tag="653" ind1="1" ind2="">
      <subfield code="9">CERN</subfield>
      <subfield code="a">ATLAS</subfield>
   </datafield>
   <datafield tag="653" ind1="1" ind2="">
      <subfield code="a">Data Acquisition</subfield>
   </datafield>
   <datafield tag="653" ind1="1" ind2="">
      <subfield code="9">CERN</subfield>
      <subfield code="a">Data Acquisition</subfield>
   </datafield>
   <datafield tag="653" ind1="1" ind2="">
      <subfield code="a">Networks</subfield>
   </datafield>
   <datafield tag="653" ind1="1" ind2="">
      <subfield code="9">CERN</subfield>
      <subfield code="a">Networks</subfield>
   </datafield>
   <datafield tag="653" ind1="1" ind2="">
      <subfield code="a">Emulation</subfield>
   </datafield>
   <datafield tag="653" ind1="1" ind2="">
      <subfield code="9">CERN</subfield>
      <subfield code="a">Emulation</subfield>
   </datafield>
   <datafield tag="693" ind1="" ind2="">
      <subfield code="a">CERN LHC</subfield>
      <subfield code="e">ATLAS</subfield>
   </datafield>
   <datafield tag="700" ind1="" ind2="">
      <subfield code="a">Stancu, S.</subfield>
   </datafield>
   <datafield tag="700" ind1="" ind2="">
      <subfield code="a">Haeberli, Ch.</subfield>
   </datafield>
   <datafield tag="700" ind1="" ind2="">
      <subfield code="a">Tremblet, L.</subfield>
   </datafield>
   <datafield tag="700" ind1="" ind2="">
      <subfield code="a">Beuran, R.</subfield>
   </datafield>
   <datafield tag="700" ind1="" ind2="">
      <subfield code="a">Meirosu, C.</subfield>
   </datafield>
   <datafield tag="700" ind1="" ind2="">
      <subfield code="a">Dobinson, R.W.</subfield>
   </datafield>
   <datafield tag="700" ind1="" ind2="">
      <subfield code="a">Martin, B.</subfield>
   </datafield>
   <datafield tag="700" ind1="" ind2="">
      <subfield code="a">Knezo, E.</subfield>
   </datafield>
   <datafield tag="700" ind1="" ind2="">
      <subfield code="a">Beck, H.-P.</subfield>
   </datafield>
   <datafield tag="700" ind1="" ind2="">
      <subfield code="a">Hauser, R.</subfield>
   </datafield>
   <datafield tag="700" ind1="" ind2="">
      <subfield code="a">Botterill, D.</subfield>
   </datafield>
   <datafield tag="710" ind1="" ind2="">
      <subfield code="5">EP</subfield>
   </datafield>
   <datafield tag="711" ind1="" ind2="">
      <subfield code="a">RT 2003 13th IEEE-NPSS Real Time Conference</subfield>
   </datafield>
   <datafield tag="856" ind1="4" ind2="">
      <subfield code="u">http://documents.cern.ch/cgi-bin/setlink?base=atlnot&amp;categ=Note&amp;id=daq-2003-009</subfield>
      <subfield code="y">Access to fulltext</subfield>
   </datafield>
   <datafield tag="909" ind1="C" ind2="1">
      <subfield code="a">ATL-COM-DAQ-2003-023</subfield>
   </datafield>
   <datafield tag="960" ind1="" ind2="">
      <subfield code="a">29</subfield>
   </datafield>
   <datafield tag="961" ind1="" ind2="">
      <subfield code="c">20040219</subfield>
      <subfield code="h">1416</subfield>
      <subfield code="l">WAI01</subfield>
      <subfield code="x">20030616</subfield>
   </datafield>
   <datafield tag="962" ind1="" ind2="">
      <subfield code="n">Montreal20030519</subfield>
   </datafield>
   <datafield tag="963" ind1="" ind2="">
      <subfield code="a">PUBLIC</subfield>
   </datafield>
   <datafield tag="970" ind1="" ind2="">
      <subfield code="a">000011913WAI</subfield>
   </datafield>
   <datafield tag="980" ind1="" ind2="">
      <subfield code="a">DUMMY</subfield>
   </datafield>
   <datafield tag="980" ind1="" ind2="">
      <subfield code="c">DELETED</subfield>
   </datafield>
</record>

<record xmlns="http://www.loc.gov/MARC21/slim">
	<controlfield tag="001">621753</controlfield>
<controlfield tag="003">SzGeCERN</controlfield>
<controlfield tag="005">20031027164542.0</controlfield>
   <datafield tag="037" ind1="" ind2="">
      <subfield code="a">ATL-DAQ-2003-008</subfield>
   </datafield>
   <datafield tag="041" ind1="" ind2="">
      <subfield code="a">eng</subfield>
   </datafield>
   <datafield tag="100" ind1="" ind2="">
      <subfield code="a">Stancu, S.</subfield>
   </datafield>
   <datafield tag="245" ind1="" ind2="0">
      <subfield code="a">Network Performance Investigation for the ATLAS Trigger/DAQ</subfield>
   </datafield>
   <datafield tag="260" ind1="" ind2="">
      <subfield code="a">Geneva</subfield>
      <subfield code="b">CERN</subfield>
      <subfield code="c">19 May 2003</subfield>
   </datafield>
   <datafield tag="520" ind1="" ind2="">
      <subfield code="a">Hardware data emulators are used to deploy a large-scale model of the ATLAS Data Acquisition architecture. The emulators, based on FPGAs and on the Alteon Gigabit Ethernet NIC, are described, and their performance determined. The emulators are used in the large-scale test bed; sample results are presented</subfield>
   </datafield>
   <datafield tag="595" ind1="" ind2="">
      <subfield code="a">CERN EDS</subfield>
   </datafield>
   <datafield tag="650" ind1="1" ind2="7">
      <subfield code="2">SzGeCERN</subfield>
      <subfield code="a">DAQ and Trigger</subfield>
   </datafield>
   <datafield tag="650" ind1="2" ind2="7">
      <subfield code="2">SzGeCERN</subfield>
      <subfield code="a">Detectors and Experimental Techniques</subfield>
   </datafield>
   <datafield tag="653" ind1="1" ind2="">
      <subfield code="a">ATLAS</subfield>
   </datafield>
   <datafield tag="653" ind1="1" ind2="">
      <subfield code="9">CERN</subfield>
      <subfield code="a">ATLAS</subfield>
   </datafield>
   <datafield tag="653" ind1="1" ind2="">
      <subfield code="a">Data acquisition</subfield>
   </datafield>
   <datafield tag="653" ind1="1" ind2="">
      <subfield code="9">CERN</subfield>
      <subfield code="a">Data acquisition</subfield>
   </datafield>
   <datafield tag="653" ind1="1" ind2="">
      <subfield code="a">networks</subfield>
   </datafield>
   <datafield tag="653" ind1="1" ind2="">
      <subfield code="9">CERN</subfield>
      <subfield code="a">networks</subfield>
   </datafield>
   <datafield tag="653" ind1="1" ind2="">
      <subfield code="a">emulation</subfield>
   </datafield>
   <datafield tag="653" ind1="1" ind2="">
      <subfield code="9">CERN</subfield>
      <subfield code="a">emulation</subfield>
   </datafield>
   <datafield tag="653" ind1="1" ind2="">
      <subfield code="a">Real-time</subfield>
   </datafield>
   <datafield tag="653" ind1="1" ind2="">
      <subfield code="9">CERN</subfield>
      <subfield code="a">Real-time</subfield>
   </datafield>
   <datafield tag="693" ind1="" ind2="">
      <subfield code="a">CERN LHC</subfield>
      <subfield code="e">ATLAS</subfield>
   </datafield>
   <datafield tag="700" ind1="" ind2="">
      <subfield code="a">Haeberli, Ch.</subfield>
   </datafield>
   <datafield tag="700" ind1="" ind2="">
      <subfield code="a">Ciobotaru, M.</subfield>
   </datafield>
   <datafield tag="700" ind1="" ind2="">
      <subfield code="a">LeVine, M.J.</subfield>
   </datafield>
   <datafield tag="700" ind1="" ind2="">
      <subfield code="a">Beuran, R.</subfield>
   </datafield>
   <datafield tag="700" ind1="" ind2="">
      <subfield code="a">Meirosu, C.</subfield>
   </datafield>
   <datafield tag="700" ind1="" ind2="">
      <subfield code="a">Dobinson, R.W.</subfield>
   </datafield>
   <datafield tag="700" ind1="" ind2="">
      <subfield code="a">Martin, B.</subfield>
   </datafield>
   <datafield tag="700" ind1="" ind2="">
      <subfield code="a">Knezo, E.</subfield>
   </datafield>
   <datafield tag="700" ind1="" ind2="">
      <subfield code="a">Zurek, M.</subfield>
   </datafield>
   <datafield tag="700" ind1="" ind2="">
      <subfield code="a">Beck, H.-P.</subfield>
   </datafield>
   <datafield tag="700" ind1="" ind2="">
      <subfield code="a">Group, on behalf of the ATLAS Data Collection</subfield>
   </datafield>
   <datafield tag="710" ind1="" ind2="">
      <subfield code="5">EP</subfield>
   </datafield>
   <datafield tag="711" ind1="" ind2="">
      <subfield code="a">RT 2003 13th IEEE-NPSS Real Time Conference</subfield>
   </datafield>
   <datafield tag="856" ind1="4" ind2="">
      <subfield code="u">http://documents.cern.ch/cgi-bin/setlink?base=atlnot&amp;categ=Note&amp;id=daq-2003-008</subfield>
      <subfield code="y">Access to fulltext</subfield>
   </datafield>
   <datafield tag="909" ind1="C" ind2="1">
      <subfield code="a">ATL-COM-DAQ-2003-022</subfield>
   </datafield>
   <datafield tag="960" ind1="" ind2="">
      <subfield code="a">29</subfield>
   </datafield>
   <datafield tag="961" ind1="" ind2="">
      <subfield code="c">20040219</subfield>
      <subfield code="h">1416</subfield>
      <subfield code="l">WAI01</subfield>
      <subfield code="x">20030616</subfield>
   </datafield>
   <datafield tag="962" ind1="" ind2="">
      <subfield code="n">Montreal20030519</subfield>
   </datafield>
   <datafield tag="963" ind1="" ind2="">
      <subfield code="a">PUBLIC</subfield>
   </datafield>
   <datafield tag="970" ind1="" ind2="">
      <subfield code="a">000011912WAI</subfield>
   </datafield>
   <datafield tag="980" ind1="" ind2="">
      <subfield code="a">DUMMY</subfield>
   </datafield>
   <datafield tag="980" ind1="" ind2="">
      <subfield code="c">DELETED</subfield>
   </datafield>
</record>

<record xmlns="http://www.loc.gov/MARC21/slim">
	<controlfield tag="001">621381</controlfield>
<controlfield tag="003">SzGeCERN</controlfield>
<controlfield tag="005">20031015152248.0</controlfield>
   <datafield tag="037" ind1="" ind2="">
      <subfield code="a">ATL-DAQ-2003-007</subfield>
   </datafield>
   <datafield tag="041" ind1="" ind2="">
      <subfield code="a">eng</subfield>
   </datafield>
   <datafield tag="088" ind1="" ind2="">
      <subfield code="a">hep-ex/0306031</subfield>
   </datafield>
   <datafield tag="100" ind1="" ind2="">
      <subfield code="a">Gadomski, S</subfield>
   </datafield>
   <datafield tag="245" ind1="" ind2="0">
      <subfield code="a">Experience with multi-threaded C++ applications in the ATLAS DataFlow software</subfield>
   </datafield>
   <datafield tag="260" ind1="" ind2="">
      <subfield code="a">Geneva</subfield>
      <subfield code="b">CERN</subfield>
      <subfield code="c">13 Jun 2003</subfield>
   </datafield>
   <datafield tag="500" ind1="" ind2="">
      <subfield code="a">Paper and talk for the CHEP03 conference.</subfield>
   </datafield>
   <datafield tag="520" ind1="" ind2="">
      <subfield code="a">The DataFlow is sub-system of the ATLAS data acquisition responsible for the reception, buffering and subsequent movement of partial and full event data to the higher level triggers: Level 2 and Event Filter. The design of the software is based on OO methodology and its implementation relies heavily on the use of posix threads and the Standard Template Library. This article presents our experience with Linux, posix threads and the Standard Template Library in the real time environment of the ATLAS data flow.</subfield>
   </datafield>
   <datafield tag="595" ind1="" ind2="">
      <subfield code="a">CERN EDS</subfield>
   </datafield>
   <datafield tag="650" ind1="1" ind2="7">
      <subfield code="2">SzGeCERN</subfield>
      <subfield code="a">DAQ and Trigger</subfield>
   </datafield>
   <datafield tag="650" ind1="2" ind2="7">
      <subfield code="2">SzGeCERN</subfield>
      <subfield code="a">Detectors and Experimental Techniques</subfield>
   </datafield>
   <datafield tag="653" ind1="1" ind2="">
      <subfield code="9">CERN</subfield>
      <subfield code="a">ATLAS</subfield>
   </datafield>
   <datafield tag="653" ind1="1" ind2="">
      <subfield code="9">CERN</subfield>
      <subfield code="a">DAQ</subfield>
   </datafield>
   <datafield tag="653" ind1="1" ind2="">
      <subfield code="9">CERN</subfield>
      <subfield code="a">DataFlow</subfield>
   </datafield>
   <datafield tag="653" ind1="1" ind2="">
      <subfield code="9">CERN</subfield>
      <subfield code="a">C++</subfield>
   </datafield>
   <datafield tag="653" ind1="1" ind2="">
      <subfield code="9">CERN</subfield>
      <subfield code="a">threads</subfield>
   </datafield>
   <datafield tag="693" ind1="" ind2="">
      <subfield code="a">CERN LHC</subfield>
      <subfield code="e">ATLAS</subfield>
   </datafield>
   <datafield tag="700" ind1="" ind2="">
      <subfield code="a">Beck, H P</subfield>
      <subfield code="u">Univ. Bern</subfield>
   </datafield>
   <datafield tag="700" ind1="" ind2="">
      <subfield code="a">Haeberli, C</subfield>
      <subfield code="u">Univ. Bern</subfield>
   </datafield>
   <datafield tag="700" ind1="" ind2="">
      <subfield code="a">Perez Reale, V</subfield>
      <subfield code="u">Univ. Bern</subfield>
   </datafield>
   <datafield tag="700" ind1="" ind2="">
      <subfield code="a">Abolins, M</subfield>
      <subfield code="u">Michigan State Univ. East Lansing</subfield>
   </datafield>
   <datafield tag="700" ind1="" ind2="">
      <subfield code="a">Ermoline,Y</subfield>
      <subfield code="u">Michigan State Univ. East Lansing</subfield>
   </datafield>
   <datafield tag="700" ind1="" ind2="">
      <subfield code="a">Hauser, R</subfield>
      <subfield code="u">Michigan State Univ. East Lansing</subfield>
   </datafield>
   <datafield tag="700" ind1="" ind2="">
      <subfield code="a">Dos Anjos, A</subfield>
      <subfield code="u">Univ., Fed. Rio de Janeiro</subfield>
   </datafield>
   <datafield tag="700" ind1="" ind2="">
      <subfield code="a">Losada Maia, M</subfield>
      <subfield code="u">Univ. Fed. Rio de Janeiro</subfield>
   </datafield>
   <datafield tag="700" ind1="" ind2="">
      <subfield code="a">Barisonzi, M</subfield>
      <subfield code="u">NIKHEF Amsterdam</subfield>
   </datafield>
   <datafield tag="700" ind1="" ind2="">
      <subfield code="a">Boterenbrood, H</subfield>
      <subfield code="u">NIKHEF Amsterdam</subfield>
   </datafield>
   <datafield tag="700" ind1="" ind2="">
      <subfield code="a">Jansweijer, P</subfield>
      <subfield code="u">NIKHEF Amsterdam</subfield>
   </datafield>
   <datafield tag="700" ind1="" ind2="">
      <subfield code="a">Kieft, G</subfield>
      <subfield code="u">NIKHEF Amsterdam</subfield>
   </datafield>
   <datafield tag="700" ind1="" ind2="">
      <subfield code="a">Vermeulen, J</subfield>
      <subfield code="u">NIKHEF Amsterdam</subfield>
   </datafield>
   <datafield tag="700" ind1="" ind2="">
      <subfield code="a">Beretta, M</subfield>
      <subfield code="u">LNF Frascati</subfield>
   </datafield>
   <datafield tag="700" ind1="" ind2="">
      <subfield code="a">Ferrer, M L</subfield>
      <subfield code="u">LNF Frascati</subfield>
   </datafield>
   <datafield tag="700" ind1="" ind2="">
      <subfield code="a">Liu, W</subfield>
      <subfield code="u">LNF Frascati</subfield>
   </datafield>
   <datafield tag="700" ind1="" ind2="">
      <subfield code="a">Blair, R</subfield>
      <subfield code="u">Argonne Nat. Lab. Argonne</subfield>
   </datafield>
   <datafield tag="700" ind1="" ind2="">
      <subfield code="a">Dawson, J</subfield>
      <subfield code="u">Argonne Nat. Lab. Argonne</subfield>
   </datafield>
   <datafield tag="700" ind1="" ind2="">
      <subfield code="a">Schlereth, J</subfield>
      <subfield code="u">Argonne Nat. Lab. Argonne</subfield>
   </datafield>
   <datafield tag="700" ind1="" ind2="">
      <subfield code="a">Bogaerts, J</subfield>
      <subfield code="u">CERN</subfield>
   </datafield>
   <datafield tag="700" ind1="" ind2="">
      <subfield code="a">Ciobotaru, M</subfield>
      <subfield code="u">CERN</subfield>
   </datafield>
   <datafield tag="700" ind1="" ind2="">
      <subfield code="a">Palencia Cortezon, E</subfield>
      <subfield code="u">CERN</subfield>
   </datafield>
   <datafield tag="700" ind1="" ind2="">
      <subfield code="a">DiGirolamo, B</subfield>
      <subfield code="u">CERN</subfield>
   </datafield>
   <datafield tag="700" ind1="" ind2="">
      <subfield code="a">Dobinson, R</subfield>
      <subfield code="u">CERN</subfield>
   </datafield>
   <datafield tag="700" ind1="" ind2="">
      <subfield code="a">Francis, D</subfield>
      <subfield code="u">CERN</subfield>
   </datafield>
   <datafield tag="700" ind1="" ind2="">
      <subfield code="a">Gameiro, S</subfield>
      <subfield code="u">CERN</subfield>
   </datafield>
   <datafield tag="700" ind1="" ind2="">
      <subfield code="a">Golonka, P</subfield>
      <subfield code="u">CERN</subfield>
   </datafield>
   <datafield tag="700" ind1="" ind2="">
      <subfield code="a">Gorini, B</subfield>
      <subfield code="u">CERN</subfield>
   </datafield>
   <datafield tag="700" ind1="" ind2="">
      <subfield code="a">Gruwe, M</subfield>
      <subfield code="u">CERN</subfield>
   </datafield>
   <datafield tag="700" ind1="" ind2="">
      <subfield code="a">Lehmann, G</subfield>
      <subfield code="u">CERN</subfield>
   </datafield>
   <datafield tag="700" ind1="" ind2="">
      <subfield code="a">Haas, S</subfield>
      <subfield code="u">CERN</subfield>
   </datafield>
   <datafield tag="700" ind1="" ind2="">
      <subfield code="a">Joos, M</subfield>
      <subfield code="u">CERN</subfield>
   </datafield>
   <datafield tag="700" ind1="" ind2="">
      <subfield code="a">Knezo, E</subfield>
      <subfield code="u">CERN</subfield>
   </datafield>
   <datafield tag="700" ind1="" ind2="">
      <subfield code="a">Maeno, T</subfield>
      <subfield code="u">CERN</subfield>
   </datafield>
   <datafield tag="700" ind1="" ind2="">
      <subfield code="a">Mapelli, L</subfield>
      <subfield code="u">CERN</subfield>
   </datafield>
   <datafield tag="700" ind1="" ind2="">
      <subfield code="a">Martin, B</subfield>
      <subfield code="u">CERN</subfield>
   </datafield>
   <datafield tag="700" ind1="" ind2="">
      <subfield code="a">MacLaren, R</subfield>
      <subfield code="u">CERN</subfield>
   </datafield>
   <datafield tag="700" ind1="" ind2="">
      <subfield code="a">Meirosu, C</subfield>
      <subfield code="u">CERN</subfield>
   </datafield>
   <datafield tag="700" ind1="" ind2="">
      <subfield code="a">Mornacchi, G</subfield>
      <subfield code="u">CERN</subfield>
   </datafield>
   <datafield tag="700" ind1="" ind2="">
      <subfield code="a">Papadopoulus, I</subfield>
      <subfield code="u">CERN</subfield>
   </datafield>
   <datafield tag="700" ind1="" ind2="">
      <subfield code="a">Petersen, J</subfield>
      <subfield code="u">CERN</subfield>
   </datafield>
   <datafield tag="700" ind1="" ind2="">
      <subfield code="a">de Matos Lopes Pinto, P</subfield>
      <subfield code="u">CERN</subfield>
   </datafield>
   <datafield tag="700" ind1="" ind2="">
      <subfield code="a">Prigent, D</subfield>
      <subfield code="u">CERN</subfield>
   </datafield>
   <datafield tag="700" ind1="" ind2="">
      <subfield code="a">Spiwoks, R</subfield>
      <subfield code="u">CERN</subfield>
   </datafield>
   <datafield tag="700" ind1="" ind2="">
      <subfield code="a">Stancu, S</subfield>
      <subfield code="u">CERN</subfield>
   </datafield>
   <datafield tag="700" ind1="" ind2="">
      <subfield code="a">Tremblet, L</subfield>
      <subfield code="u">CERN</subfield>
   </datafield>
   <datafield tag="700" ind1="" ind2="">
      <subfield code="a">Werner, P</subfield>
      <subfield code="u">CERN</subfield>
   </datafield>
   <datafield tag="700" ind1="" ind2="">
      <subfield code="a">Botterill, D</subfield>
      <subfield code="u">RAL Chilton</subfield>
   </datafield>
   <datafield tag="700" ind1="" ind2="">
      <subfield code="a">Wickens, F</subfield>
      <subfield code="u">RAL Chilton</subfield>
   </datafield>
   <datafield tag="700" ind1="" ind2="">
      <subfield code="a">Cranfield, R</subfield>
      <subfield code="u">Univ. Coll. London</subfield>
   </datafield>
   <datafield tag="700" ind1="" ind2="">
      <subfield code="a">Crone, G</subfield>
      <subfield code="u">Univ. Coll. London</subfield>
   </datafield>
   <datafield tag="700" ind1="" ind2="">
      <subfield code="a">Green, B</subfield>
      <subfield code="u">Univ. London</subfield>
   </datafield>
   <datafield tag="700" ind1="" ind2="">
      <subfield code="a">Misiejuk, A</subfield>
      <subfield code="u">Univ. London</subfield>
   </datafield>
   <datafield tag="700" ind1="" ind2="">
      <subfield code="a">Strong, J</subfield>
      <subfield code="u">Univ. London</subfield>
   </datafield>
   <datafield tag="700" ind1="" ind2="">
      <subfield code="a">Hasegawa, Y</subfield>
      <subfield code="u">Shinshu Univ. Matsumoto</subfield>
   </datafield>
   <datafield tag="700" ind1="" ind2="">
      <subfield code="a">Hughes-Jones, R</subfield>
      <subfield code="u">Univ. Manchester</subfield>
   </datafield>
   <datafield tag="700" ind1="" ind2="">
      <subfield code="a">Kaczmarska, A</subfield>
      <subfield code="u">Henryk Niewodniczanski Inst. Nucl. Phys. Cracow</subfield>
   </datafield>
   <datafield tag="700" ind1="" ind2="">
      <subfield code="a">Korcyl, K</subfield>
      <subfield code="u">Henryk Niewodniczanski Inst. Nucl. Phys. Cracow</subfield>
   </datafield>
   <datafield tag="700" ind1="" ind2="">
      <subfield code="a">Zurek, M</subfield>
      <subfield code="u">Henryk Niewodniczanski Inst. Nucl. Phys. Cracow</subfield>
   </datafield>
   <datafield tag="700" ind1="" ind2="">
      <subfield code="a">Kugel, M</subfield>
      <subfield code="u">Univ. Mannheim</subfield>
   </datafield>
   <datafield tag="700" ind1="" ind2="">
      <subfield code="a">Müller, M</subfield>
      <subfield code="u">Univ. Mannheim</subfield>
   </datafield>
   <datafield tag="700" ind1="" ind2="">
      <subfield code="a">Hinkelbein, C</subfield>
      <subfield code="u">Univ. Mannheim</subfield>
   </datafield>
   <datafield tag="700" ind1="" ind2="">
      <subfield code="a">Yu, M</subfield>
      <subfield code="u">Univ. Mannheim</subfield>
   </datafield>
   <datafield tag="700" ind1="" ind2="">
      <subfield code="a">Lankford, A</subfield>
      <subfield code="u">Univ. Calif., Irvine</subfield>
   </datafield>
   <datafield tag="700" ind1="" ind2="">
      <subfield code="a">Mommsen, R</subfield>
      <subfield code="u">Univ. Calif., Irvine</subfield>
   </datafield>
   <datafield tag="700" ind1="" ind2="">
      <subfield code="a">LeVine, M</subfield>
      <subfield code="u">BNL</subfield>
   </datafield>
   <datafield tag="700" ind1="" ind2="">
      <subfield code="a">Nagasaka, Y</subfield>
      <subfield code="u">Hiroshima Inst. Tech.</subfield>
   </datafield>
   <datafield tag="700" ind1="" ind2="">
      <subfield code="a">Nakayoshi, K</subfield>
      <subfield code="u">KEK Tsukuba</subfield>
   </datafield>
   <datafield tag="700" ind1="" ind2="">
      <subfield code="a">Yasu, Y</subfield>
      <subfield code="u">KEK Tsukuba</subfield>
   </datafield>
   <datafield tag="700" ind1="" ind2="">
      <subfield code="a">Shimojima, M</subfield>
      <subfield code="u">Nagasaki, Inst. Appl. Sci. Nagasaki</subfield>
   </datafield>
   <datafield tag="700" ind1="" ind2="">
      <subfield code="a">Zobernig, G</subfield>
      <subfield code="u">Univ. Wisconsin Madison</subfield>
   </datafield>
   <datafield tag="710" ind1="" ind2="">
      <subfield code="5">EP</subfield>
   </datafield>
   <datafield tag="711" ind1="" ind2="">
      <subfield code="a">CHEP 2003 Computing in High Energy Physics</subfield>
   </datafield>
   <datafield tag="856" ind1="4" ind2="">
      <subfield code="u">http://documents.cern.ch/cgi-bin/setlink?base=atlnot&amp;categ=Note&amp;id=daq-2003-007</subfield>
      <subfield code="y">Access to fulltext</subfield>
   </datafield>
   <datafield tag="909" ind1="C" ind2="1">
      <subfield code="a">ATL-COM-DAQ-2003-017</subfield>
   </datafield>
   <datafield tag="960" ind1="" ind2="">
      <subfield code="a">29</subfield>
   </datafield>
   <datafield tag="961" ind1="" ind2="">
      <subfield code="c">20040219</subfield>
      <subfield code="h">1416</subfield>
      <subfield code="l">WAI01</subfield>
      <subfield code="x">20030613</subfield>
   </datafield>
   <datafield tag="962" ind1="" ind2="">
      <subfield code="n">LaJolla,California20030324</subfield>
   </datafield>
   <datafield tag="963" ind1="" ind2="">
      <subfield code="a">PUBLIC</subfield>
   </datafield>
   <datafield tag="970" ind1="" ind2="">
      <subfield code="a">000011905WAI</subfield>
   </datafield>
   <datafield tag="980" ind1="" ind2="">
      <subfield code="a">DUMMY</subfield>
   </datafield>
   <datafield tag="980" ind1="" ind2="">
      <subfield code="c">DELETED</subfield>
   </datafield>
</record>

<record xmlns="http://www.loc.gov/MARC21/slim">
	<controlfield tag="001">620998</controlfield>
<controlfield tag="003">SzGeCERN</controlfield>
<controlfield tag="005">20031015150707.0</controlfield>
   <datafield tag="037" ind1="" ind2="">
      <subfield code="a">ATL-CONF-2003-003</subfield>
   </datafield>
   <datafield tag="037" ind1="" ind2="">
      <subfield code="a">ATL-DAQ-2003-029</subfield>
   </datafield>
   <datafield tag="041" ind1="" ind2="">
      <subfield code="a">eng</subfield>
   </datafield>
   <datafield tag="100" ind1="" ind2="">
      <subfield code="a">Armstrong, S.</subfield>
   </datafield>
   <datafield tag="245" ind1="" ind2="3">
      <subfield code="a">An Overview of Algorithms for the ATLAS High Level Trigger</subfield>
   </datafield>
   <datafield tag="260" ind1="" ind2="">
      <subfield code="a">Geneva</subfield>
      <subfield code="b">CERN</subfield>
      <subfield code="c">09 Jun 2003</subfield>
   </datafield>
   <datafield tag="300" ind1="" ind2="">
      <subfield code="a">7 p</subfield>
   </datafield>
   <datafield tag="500" ind1="" ind2="">
      <subfield code="a">revised version number 1 submitted on 2003-06-26 14:59:28</subfield>
   </datafield>
   <datafield tag="520" ind1="" ind2="">
      <subfield code="a">Following rigorous software design and analysis methods, an object-based architecture has been developed to derive the second- and third-level trigger decisions for the future ATLAS detector at the LHC. The functional components within this system responsible for generating elements of the trigger decisions are algorithms running within the software architecture. Relevant aspects of the architecture are reviewed along with concrete examples of specific algorithms.</subfield>
   </datafield>
   <datafield tag="595" ind1="" ind2="">
      <subfield code="a">CERN EDS</subfield>
   </datafield>
   <datafield tag="650" ind1="1" ind2="7">
      <subfield code="2">SzGeCERN</subfield>
      <subfield code="a">Conference talks on ATLAS</subfield>
   </datafield>
   <datafield tag="650" ind1="1" ind2="7">
      <subfield code="2">SzGeCERN</subfield>
      <subfield code="a">DAQ and Trigger</subfield>
   </datafield>
   <datafield tag="650" ind1="2" ind2="7">
      <subfield code="2">SzGeCERN</subfield>
      <subfield code="a">Detectors and Experimental Techniques</subfield>
   </datafield>
   <datafield tag="653" ind1="1" ind2="">
      <subfield code="a">Algorithms</subfield>
   </datafield>
   <datafield tag="653" ind1="1" ind2="">
      <subfield code="9">CERN</subfield>
      <subfield code="a">Algorithms</subfield>
   </datafield>
   <datafield tag="653" ind1="1" ind2="">
      <subfield code="a">Online</subfield>
   </datafield>
   <datafield tag="653" ind1="1" ind2="">
      <subfield code="9">CERN</subfield>
      <subfield code="a">Online</subfield>
   </datafield>
   <datafield tag="653" ind1="1" ind2="">
      <subfield code="a">PESA</subfield>
   </datafield>
   <datafield tag="653" ind1="1" ind2="">
      <subfield code="9">CERN</subfield>
      <subfield code="a">PESA</subfield>
   </datafield>
   <datafield tag="653" ind1="1" ind2="">
      <subfield code="a">HLT</subfield>
   </datafield>
   <datafield tag="653" ind1="1" ind2="">
      <subfield code="9">CERN</subfield>
      <subfield code="a">HLT</subfield>
   </datafield>
   <datafield tag="653" ind1="1" ind2="">
      <subfield code="a">Level 2</subfield>
   </datafield>
   <datafield tag="653" ind1="1" ind2="">
      <subfield code="9">CERN</subfield>
      <subfield code="a">Level 2</subfield>
   </datafield>
   <datafield tag="653" ind1="1" ind2="">
      <subfield code="a">Event Filter</subfield>
   </datafield>
   <datafield tag="653" ind1="1" ind2="">
      <subfield code="9">CERN</subfield>
      <subfield code="a">Event Filter</subfield>
   </datafield>
   <datafield tag="693" ind1="" ind2="">
      <subfield code="a">CERN LHC</subfield>
      <subfield code="e">ATLAS</subfield>
   </datafield>
   <datafield tag="700" ind1="" ind2="">
      <subfield code="a">(ATLAS HLT Group, for the)</subfield>
   </datafield>
   <datafield tag="710" ind1="" ind2="">
      <subfield code="5">EP</subfield>
   </datafield>
   <datafield tag="711" ind1="" ind2="">
      <subfield code="a">RT 2003 13th IEEE-NPSS Real Time Conference</subfield>
   </datafield>
   <datafield tag="856" ind1="4" ind2="">
      <subfield code="u">http://documents.cern.ch/cgi-bin/setlink?base=atlnot&amp;categ=Note&amp;id=conf-2003-003</subfield>
      <subfield code="y">Access to fulltext</subfield>
   </datafield>
   <datafield tag="909" ind1="C" ind2="1">
      <subfield code="a">ATL-COM-CONF-2003-005</subfield>
   </datafield>
   <datafield tag="960" ind1="" ind2="">
      <subfield code="a">29</subfield>
   </datafield>
   <datafield tag="961" ind1="" ind2="">
      <subfield code="c">20040219</subfield>
      <subfield code="h">1416</subfield>
      <subfield code="l">WAI01</subfield>
      <subfield code="x">20030612</subfield>
   </datafield>
   <datafield tag="962" ind1="" ind2="">
      <subfield code="n">Montreal,Quebec,Canada20030518</subfield>
   </datafield>
   <datafield tag="963" ind1="" ind2="">
      <subfield code="a">PUBLIC</subfield>
   </datafield>
   <datafield tag="970" ind1="" ind2="">
      <subfield code="a">000011901WAI</subfield>
   </datafield>
   <datafield tag="980" ind1="" ind2="">
      <subfield code="a">DUMMY</subfield>
   </datafield>
   <datafield tag="980" ind1="" ind2="">
      <subfield code="c">DELETED</subfield>
   </datafield>
</record>

<record xmlns="http://www.loc.gov/MARC21/slim">
	<controlfield tag="001">640307</controlfield>
   <datafield tag="961" ind1="" ind2="">
      <subfield code="c">20040105</subfield>
      <subfield code="h">1505</subfield>
      <subfield code="l">WAI01</subfield>
      <subfield code="x">20040105</subfield>
   </datafield>
   <datafield tag="970" ind1="" ind2="">
      <subfield code="a">000012093WAI</subfield>
   </datafield>
   <datafield tag="980" ind1="" ind2="">
      <subfield code="c">DELETED</subfield>
   </datafield>
</record>

<record xmlns="http://www.loc.gov/MARC21/slim">
	<controlfield tag="001">620127</controlfield>
   <datafield tag="961" ind1="" ind2="">
      <subfield code="c">20040105</subfield>
      <subfield code="h">1505</subfield>
      <subfield code="l">WAI01</subfield>
      <subfield code="x">20040105</subfield>
   </datafield>
   <datafield tag="970" ind1="" ind2="">
      <subfield code="a">000011887WAI</subfield>
   </datafield>
   <datafield tag="980" ind1="" ind2="">
      <subfield code="c">DELETED</subfield>
   </datafield>
</record>

<record xmlns="http://www.loc.gov/MARC21/slim">
	<controlfield tag="001">620642</controlfield>
   <datafield tag="961" ind1="" ind2="">
      <subfield code="c">20040105</subfield>
      <subfield code="h">1505</subfield>
      <subfield code="l">WAI01</subfield>
      <subfield code="x">20040105</subfield>
   </datafield>
   <datafield tag="970" ind1="" ind2="">
      <subfield code="a">000011899WAI</subfield>
   </datafield>
   <datafield tag="980" ind1="" ind2="">
      <subfield code="c">DELETED</subfield>
   </datafield>
</record>

<record xmlns="http://www.loc.gov/MARC21/slim">
	<controlfield tag="001">628662</controlfield>
   <datafield tag="961" ind1="" ind2="">
      <subfield code="c">20040105</subfield>
      <subfield code="h">1505</subfield>
      <subfield code="l">WAI01</subfield>
      <subfield code="x">20040105</subfield>
   </datafield>
   <datafield tag="970" ind1="" ind2="">
      <subfield code="a">000011985WAI</subfield>
   </datafield>
   <datafield tag="980" ind1="" ind2="">
      <subfield code="c">DELETED</subfield>
   </datafield>
</record>

<record xmlns="http://www.loc.gov/MARC21/slim">
	<controlfield tag="001">647874</controlfield>
<controlfield tag="003">SzGeCERN</controlfield>
<controlfield tag="005">20031013111619.0</controlfield>
   <datafield tag="037" ind1="" ind2="">
      <subfield code="a">ATL-COM-DAQ-2003-052</subfield>
   </datafield>
   <datafield tag="041" ind1="" ind2="">
      <subfield code="a">eng</subfield>
   </datafield>
   <datafield tag="100" ind1="" ind2="">
      <subfield code="a">Garvey, J.</subfield>
   </datafield>
   <datafield tag="245" ind1="" ind2="4">
      <subfield code="a">The ATLAS Level-1 Calorimeter Trigger Architecture</subfield>
   </datafield>
   <datafield tag="260" ind1="" ind2="">
      <subfield code="a">Geneva</subfield>
      <subfield code="b">CERN</subfield>
      <subfield code="c">31 May 2003</subfield>
   </datafield>
   <datafield tag="300" ind1="" ind2="">
      <subfield code="a">5 p</subfield>
   </datafield>
   <datafield tag="520" ind1="" ind2="">
      <subfield code="a">The architecture of the ATLAS Level-1 Calorimeter Trigger system (L1Calo) is presented. Common approaches have been adopted for data distribution, result merging, readout, and slow control across the three different subsystems. A significant amount of common hardware is utilized, yielding substantial savings in cost, spares, and development effort. A custom, high-density backplane has been developed with data paths suitable for both the em/tt cluster processor (CP) and jet/energy-summation processor (JEP) subsystems. Common modules also provide interfaces to VME, CANbus and the LHC Timing, Trigger and Control system (TTC). A common data merger module (CMM) uses FPGAs with multiple configurations for summing electron/photon and tau/hadron cluster multiplicities, jet multiplicities, or total and missing transverse energy. The CMM performs both crate- and system-level merging. A common, FPGA-based readout driver (ROD) is used by all of the subsystems to send input, intermediate and output data to the data acquisition system (DAQ), and region-of-interest (RoI) data to the level-2 triggers. Extensive use of FPGAs throughout the system makes the trigger flexible and upgradeable, and several architectural choices have been made to reduce the number of inter-crate links and make the hardware more robust.</subfield>
   </datafield>
   <datafield tag="595" ind1="" ind2="">
      <subfield code="a">CERN EDS</subfield>
   </datafield>
   <datafield tag="650" ind1="1" ind2="7">
      <subfield code="2">SzGeCERN</subfield>
      <subfield code="a">DAQ and Trigger</subfield>
   </datafield>
   <datafield tag="650" ind1="2" ind2="7">
      <subfield code="2">SzGeCERN</subfield>
      <subfield code="a">Detectors and Experimental Techniques</subfield>
   </datafield>
   <datafield tag="653" ind1="1" ind2="">
      <subfield code="9">CERN</subfield>
      <subfield code="a">trigger</subfield>
   </datafield>
   <datafield tag="653" ind1="1" ind2="">
      <subfield code="9">CERN</subfield>
      <subfield code="a">calorimeter</subfield>
   </datafield>
   <datafield tag="653" ind1="1" ind2="">
      <subfield code="9">CERN</subfield>
      <subfield code="a">FPGA</subfield>
   </datafield>
   <datafield tag="653" ind1="1" ind2="">
      <subfield code="9">CERN</subfield>
      <subfield code="a">Level-1</subfield>
   </datafield>
   <datafield tag="653" ind1="1" ind2="">
      <subfield code="9">CERN</subfield>
      <subfield code="a">ATLAS</subfield>
   </datafield>
   <datafield tag="653" ind1="1" ind2="">
      <subfield code="9">CERN</subfield>
      <subfield code="a">pipeline</subfield>
   </datafield>
   <datafield tag="693" ind1="" ind2="">
      <subfield code="a">CERN LHC</subfield>
      <subfield code="e">ATLAS</subfield>
   </datafield>
   <datafield tag="700" ind1="" ind2="">
      <subfield code="a">Hillier, S.</subfield>
   </datafield>
   <datafield tag="700" ind1="" ind2="">
      <subfield code="a">Mahout, G.</subfield>
   </datafield>
   <datafield tag="700" ind1="" ind2="">
      <subfield code="a">Moye, T. H.</subfield>
   </datafield>
   <datafield tag="700" ind1="" ind2="">
      <subfield code="a">Staley, R. J.</subfield>
   </datafield>
   <datafield tag="700" ind1="" ind2="">
      <subfield code="a">Watkins, P.M.</subfield>
   </datafield>
   <datafield tag="700" ind1="" ind2="">
      <subfield code="a">Watson, A.</subfield>
   </datafield>
   <datafield tag="700" ind1="" ind2="">
      <subfield code="a">Achenbach, R.</subfield>
   </datafield>
   <datafield tag="700" ind1="" ind2="">
      <subfield code="a">Hanke, P.</subfield>
   </datafield>
   <datafield tag="700" ind1="" ind2="">
      <subfield code="a">Kluge, E-E.</subfield>
   </datafield>
   <datafield tag="700" ind1="" ind2="">
      <subfield code="a">Meier, K.</subfield>
   </datafield>
   <datafield tag="700" ind1="" ind2="">
      <subfield code="a">Meshkov, P.</subfield>
   </datafield>
   <datafield tag="700" ind1="" ind2="">
      <subfield code="a">Nix, O.</subfield>
   </datafield>
   <datafield tag="700" ind1="" ind2="">
      <subfield code="a">Penno, K.</subfield>
   </datafield>
   <datafield tag="700" ind1="" ind2="">
      <subfield code="a">Schmitt, K.</subfield>
   </datafield>
   <datafield tag="700" ind1="" ind2="">
      <subfield code="a">Ay, C.</subfield>
   </datafield>
   <datafield tag="700" ind1="" ind2="">
      <subfield code="a">Bauss, B.</subfield>
   </datafield>
   <datafield tag="700" ind1="" ind2="">
      <subfield code="a">Dahlhoff, A.</subfield>
   </datafield>
   <datafield tag="700" ind1="" ind2="">
      <subfield code="a">Jakobs, K.</subfield>
   </datafield>
   <datafield tag="700" ind1="" ind2="">
      <subfield code="a">Mahboubi, K.</subfield>
   </datafield>
   <datafield tag="700" ind1="" ind2="">
      <subfield code="a">Schäfer, U.</subfield>
   </datafield>
   <datafield tag="700" ind1="" ind2="">
      <subfield code="a">Trefzger, T.</subfield>
   </datafield>
   <datafield tag="700" ind1="" ind2="">
      <subfield code="a">Eisenhandler, E.</subfield>
   </datafield>
   <datafield tag="700" ind1="" ind2="">
      <subfield code="a">Landon, M.</subfield>
   </datafield>
   <datafield tag="700" ind1="" ind2="">
      <subfield code="a">Moyse, E.</subfield>
   </datafield>
   <datafield tag="700" ind1="" ind2="">
      <subfield code="a">Thomas, J.</subfield>
   </datafield>
   <datafield tag="700" ind1="" ind2="">
      <subfield code="a">Apostoglou, P.</subfield>
   </datafield>
   <datafield tag="700" ind1="" ind2="">
      <subfield code="a">Barnett, B. M.</subfield>
   </datafield>
   <datafield tag="700" ind1="" ind2="">
      <subfield code="a">Brawn, I.P.</subfield>
   </datafield>
   <datafield tag="700" ind1="" ind2="">
      <subfield code="a">Davis, A.O.</subfield>
   </datafield>
   <datafield tag="700" ind1="" ind2="">
      <subfield code="a">Edwards, J.</subfield>
   </datafield>
   <datafield tag="700" ind1="" ind2="">
      <subfield code="a">Gee, C. N. P.</subfield>
   </datafield>
   <datafield tag="700" ind1="" ind2="">
      <subfield code="a">Gillman, A. R.</subfield>
   </datafield>
   <datafield tag="700" ind1="" ind2="">
      <subfield code="a">Perera, V. J. O.</subfield>
   </datafield>
   <datafield tag="700" ind1="" ind2="">
      <subfield code="a">Qian, W.</subfield>
   </datafield>
   <datafield tag="700" ind1="" ind2="">
      <subfield code="a">Bohm, C.</subfield>
   </datafield>
   <datafield tag="700" ind1="" ind2="">
      <subfield code="a">Hellman, S.</subfield>
   </datafield>
   <datafield tag="700" ind1="" ind2="">
      <subfield code="a">Hidvégi, A.</subfield>
   </datafield>
   <datafield tag="700" ind1="" ind2="">
      <subfield code="a">Silverstein, S.</subfield>
   </datafield>
   <datafield tag="710" ind1="" ind2="">
      <subfield code="5">EP</subfield>
   </datafield>
   <datafield tag="711" ind1="" ind2="">
      <subfield code="g">RT 2003 13th IEEE-NPSS Real Time Conference</subfield>
   </datafield>
   <datafield tag="856" ind1="0" ind2="">
      <subfield code="f">silver@physto.se</subfield>
   </datafield>
   <datafield tag="856" ind1="4" ind2="">
      <subfield code="u">http://documents.cern.ch/cgi-bin/setlink?base=atlnot&amp;categ=Communication&amp;id=com-daq-2003-052</subfield>
      <subfield code="y">Access to fulltext document</subfield>
   </datafield>
   <datafield tag="909" ind1="C" ind2="S">
      <subfield code="s">n</subfield>
      <subfield code="w">200331</subfield>
   </datafield>
   <datafield tag="909" ind1="C" ind2="Y">
      <subfield code="a">2003</subfield>
   </datafield>
   <datafield tag="960" ind1="" ind2="">
      <subfield code="a">90</subfield>
   </datafield>
   <datafield tag="961" ind1="" ind2="">
      <subfield code="c">20031013</subfield>
      <subfield code="h">1116</subfield>
      <subfield code="l">WAI01</subfield>
      <subfield code="x">20030730</subfield>
   </datafield>
   <datafield tag="962" ind1="" ind2="">
      <subfield code="n">Montréal,Canada20030518</subfield>
   </datafield>
   <datafield tag="963" ind1="" ind2="">
      <subfield code="a">PUBLIC</subfield>
   </datafield>
   <datafield tag="970" ind1="" ind2="">
      <subfield code="a">000012000WAI01</subfield>
   </datafield>
   <datafield tag="980" ind1="" ind2="">
      <subfield code="a">INTNOTEATLASPRIV</subfield>
   </datafield>
</record>

<record xmlns="http://www.loc.gov/MARC21/slim">
	<controlfield tag="001">620620</controlfield>
   <datafield tag="961" ind1="" ind2="">
      <subfield code="c">20040105</subfield>
      <subfield code="h">1505</subfield>
      <subfield code="l">WAI01</subfield>
      <subfield code="x">20040105</subfield>
   </datafield>
   <datafield tag="970" ind1="" ind2="">
      <subfield code="a">000011893WAI</subfield>
   </datafield>
   <datafield tag="980" ind1="" ind2="">
      <subfield code="c">DELETED</subfield>
   </datafield>
</record>


</collection>